Joueurs de Ligue 1 par image (24-25) - Statistiques

Statistiques générales
  • Ce quiz a été pris 187 fois
  • Le résultat moyen est 49 sur 90
Statistiques - réponses
Par images Réponse % Correct
Achraf Hakimi
97%
Gianluigi Donnarumma
97%
Bradley Barcola
96%
Ousmane Dembélé
96%
Marquinhos
93%
Adrien Rabiot
92%
Dante
87%
Jonathan Clauss
87%
Mason Greenwood
86%
Alexandre Lacazette
85%
Geronimo Rulli
85%
Lucas Chevalier
85%
Rayan Cherki
84%
Jonathan David
82%
Quentin Merlin
76%
Steve Mandanda
76%
Georges Mikautadze
75%
Benjamin André
74%
Maghnes Akliouche
74%
Pierre-Emile Højbjerg
74%
Gaëtan Laborde
72%
Edon Zhegrova
70%
Ludovic Ajorque
70%
Seko Fofana
70%
Pierre Lees-Melou
69%
Eliesse Ben Seghir
68%
Guillaume Restes
68%
Junya Ito
68%
Ludovic Blas
68%
Nemanja Matić
68%
Adrien Thomasson
66%
Arnaud Kalimuendo
65%
Breel Embolo
64%
Téji Savanier
64%
Moses Simon
63%
Terem Moffi
63%
André Ayew
62%
Denis Zakaria
62%
Facundo Medina
61%
Florian Sotoca
61%
Wahbi Khazri
61%
Evann Guessand
59%
Mahdi Camara
59%
Przemyslaw Frankowski
58%
Djibril Sidibé
55%
Benjamin Lecomte
54%
Keito Nakamura
54%
Romain Del Castillo
54%
Yehvann Diouf
54%
Emanuel Emegha
53%
Mostafa Mohamed
53%
Lucas Stassin
50%
Wilfried Singo
50%
Diego Moreira
49%
Matthis Abline
49%
Andrey Santos
48%
Clinton Mata
48%
Gaëtan Perrin
46%
Gautier Larsonneur
46%
Falaye Sacko
45%
Zuriko Davitashvili
45%
Estéban Lepaul
44%
Donovan Léon
43%
Lorenz Assignon
41%
Abdallah Sima
40%
Osame Sahraoui
38%
Gautier Lloris
37%
Himad Abdelli
35%
Jean-Charles Castelletto
35%
Joris Chotard
35%
M'Bala Nzola
34%
Zakaria Aboukhlal
34%
Hamed Junior Traoré
32%
Lassine Sinayoko
29%
Nathan Zézé
29%
Arthur Desmas
28%
Ismaël Doukouré
26%
Habib Diarra
24%
Yahia Fofana
24%
Yann Gboho
22%
Haris Belkebla
20%
Josué Casimir
20%
Sinaly Diomandé
19%
Valentin Atangana
15%
Jean-Eudes Aholou
14%
Shavy Babicka
12%
Daler Kuzyaev
10%
Augustine Boakye
9%
Sergio Akieme
9%
Pierre Ekwah
8%
Aucun quiz correspondant
Distribution des résultats
% des personnes avec chaque résultat
Percentile par nombre de réponses
Votre historique - résultats
Vous n’avez pas pris ce quiz